| 000 | 00454nam a2200181Ia 4500 | ||
|---|---|---|---|
| 001 | 11877 | ||
| 005 | 20260306162900.0 | ||
| 008 | 260306t1995||||xx |||||||||||||| ||spa|| | ||
| 041 | _aESP | ||
| 082 |
_aHR 200 _bNº 2 1995 RAAA |
||
| 110 | _aArchivo Arzobispal de Arequipa | ||
| 245 | 0 | _aRevista Archivo Arzobispal de Arequipa | |
| 260 | _c1995 | ||
| 300 |
_a274 páginas : _c21 cm. |
||
| 650 | _aGEN | ||
| 654 | _aCHU | ||
| 942 |
_cREV _dJUS _fJUS _2ddc _n |
||
| 999 |
_c11877 _d11877 |
||